| 000 | 00485nam a2200133Ia 4500 | ||
|---|---|---|---|
| 008 | 170221s9999 xx 000 0 und d | ||
| 100 | _aMohamed Rosli Mohamed Sai | ||
| 245 | _aFinancial Exclusion in Australia: Can Islamic Finance Minimise the Problem? | ||
| 245 | _cMohamed Rosli Mohamed Sain, Mohammad Mafizur Rahman, and Rasheda Khanam | ||
| 260 | _c2016 | ||
| 300 | _a14 : 1 | ||
| 650 | _xBusiness | ||
| 856 | _uhttp://ro.uow.edu.au/cgi/viewcontent.cgi?article=1709&context=aabfj | ||
| 999 |
_c311435 _d311435 |
||